Nghiên cứu chiết tách và xác định thành phần hóa học trong một số dịch chiết của chuối hột rừng (Musa Acuminata Colla) ở Tây Nguyên

Xác định một số thông số hóa lý của chuối hột rừng. Xác định thành phần hóa học, công thức cấu tạo của một số hợp chất có trong quả chuối hột rừng. Phân lập một số chất có trong quả chuối hột rừng (Musa Acuminata Colla) ở Tây Nguyên....

Disgrifiad llawn

Wedi'i Gadw mewn:
Manylion Llyfryddiaeth
Prif Awdur: Nguyễn Thị Hồng Chương
Awduron Eraill: Giang Thị Kim Liên TS. (Hướng dẫn)
Fformat: Llyfr
Iaith:Vietnamese
Cyhoeddwyd: Đà Nẵng Đại học Đà Nẵng 2015
Pynciau:
Tagiau: Ychwanegu Tag
Dim Tagiau, Byddwch y cyntaf i dagio'r cofnod hwn!
Thư viện lưu trữ: Mạng thư viện Đại học Đà Nẵng
LEADER 01913nam a2200361 4500
001 000023806
003 20259
005 20160325100328.0
008 160314s2015 viesd
041 |a vie 
082 1 4 |a 615.32439  |b NG-C 
100 1 |a Nguyễn Thị Hồng Chương 
245 1 |a Nghiên cứu chiết tách và xác định thành phần hóa học trong một số dịch chiết của chuối hột rừng (Musa Acuminata Colla) ở Tây Nguyên  |c Nguyễn Thị Hồng Chương ; Giang Thị Kim Liên hướng dẫn.  |k Luận văn Thạc sĩ 
260 |a Đà Nẵng  |b Đại học Đà Nẵng  |c 2015 
300 |a 84 tr. ; phụ lục 15 tr.  |c 29 cm.  |e Tóm tắt 
500 |a Luận văn thạc sĩ Khoa học. Chuyên ngành: Hóa hữu cơ. Mã số: 60.44.01.14 
520 3 |a Xác định một số thông số hóa lý của chuối hột rừng. Xác định thành phần hóa học, công thức cấu tạo của một số hợp chất có trong quả chuối hột rừng. Phân lập một số chất có trong quả chuối hột rừng (Musa Acuminata Colla) ở Tây Nguyên. 
650 0 4 |a Chuối hột rừng  |v Luận văn tốt nghiệp  |x Nghiên cứu  |x Thành phần hóa học  |z Tây Nguyên 
653 |a Cây chuối hột rừng 
653 |a Hóa hữu cơ 
653 |a Thành phần hóa học 
653 |a Chiết tách 
700 1 |a Giang Thị Kim Liên  |c TS.  |e Hướng dẫn 
OWN |a LSP 
AVA |a UDN50  |b LSP  |d 615.32439 NG-C  |e available  |t Error 5001 Not defined in file expand_doc_bib_avail.  |f 1  |g 0  |h N  |i 0  |k 1 
999 |a From the UDN01 
AVA |a UDN50  |b LSP  |d 615.32439 NG-C  |e available  |t Error 5001 Not defined in file expand_doc_bib_avail.  |f 1  |g 0  |h N  |i 0  |k 1 
TYP |a Monograph 
TYP |a Printed language 
980 |a Mạng thư viện Đại học Đà Nẵng